000 00945nam a22002897a 4500
001 8403
003 FISKH
005 20250910151110.0
008 250910b cb ||||| |||| 00| 0 eng d
020 _a0590454161
040 _aFISKH
_beng
_cFISKH
_dFISKH
050 _aPZ7.H8656 B
082 _a305
100 _aHudson, Cheryl Willis
245 _aBright eyes, brown skin /
_cBy Cheryl Willis Hudson & Bernette G. Ford : Illustrated by George Ford
250 _aFirst Scholastic printing, February 1992
260 _aNew York :
_bScholastic,
_c1990.
300 _a28 unnumbered pages :
_bcolor illustrations ;
_c20 x 20 cm .
505 _aC
520 _aFour lively youngsters enjoy activities on a typical day at school.
521 8 _a120
_bLexile estimate
521 8 _aC
_bRaz-Plus
650 _aSelf-esteem
_vChildren's Books
700 _aFord, George
_eIllustrator
942 _2ddc
_cBK
_n0
999 _c8403
_d8403